Common research and development policy
Na minha lista:
| Formato: | Livro |
|---|---|
| Idioma: | Undetermined |
| Publicado em: |
Luxembourg
European Communities
1976
|
| Assuntos: | |
| Tags: |
Adicionar Tag
Sem tags, seja o primeiro a adicionar uma tag!
|
| Thư viện lưu trữ: | Trung tâm Học liệu Trường Đại học Cần Thơ |
|---|
| LEADER | 00460nam a2200169Ia 4500 | ||
|---|---|---|---|
| 001 | CTU_86680 | ||
| 008 | 210402s9999 xx 000 0 und d | ||
| 082 | |a 338.94 | ||
| 082 | |b C734 | ||
| 245 | 0 | |a Common research and development policy | |
| 260 | |a Luxembourg | ||
| 260 | |b European Communities | ||
| 260 | |c 1976 | ||
| 650 | |a Economic community countries | ||
| 650 | |z European | ||
| 904 | |i Năm | ||
| 980 | |a Trung tâm Học liệu Trường Đại học Cần Thơ | ||